| 000 | 00684nam a22002297a 4500 | ||
|---|---|---|---|
| 003 | UA-OsUOA | ||
| 001 | 45179 | ||
| 007 | ta | ||
| 008 | 20110927b un ||||| |||| 00| 0 ukr d | ||
| 090 |
_a09.-82-3 _bС83 |
||
| 942 | _cBK | ||
| 040 |
_aUA-OsUOA _bukr _cUA-OsUOA _dUA-OsUOA |
||
| 245 | _aСтрашний монах Распутін і упадок російського царату! | ||
| 300 | _a64 с. | ||
| 955 | _a3 | ||
| 041 | _aukr | ||
| 080 | _a09.-82-3 | ||
| 260 | _aЕдмонтон | ||
| 650 | 7 |
_a0 Загальний відділ. _2UDC |
|
| 999 |
_c425289 _d425289 |
||